1997 guide to good health / (Record no. 10965)
[ view plain ]
| 000 -LEADER | |
|---|---|
| fixed length control field | 00553nam a22001937i 4500 |
| 003 - CONTROL NUMBER IDENTIFIER | |
| control field | OSt |
| 005 - DATE AND TIME OF LATEST TRANSACTION | |
| control field | 20220117100147.0 |
| 008 - FIXED-LENGTH DATA ELEMENTS--GENERAL INFORMATION | |
| fixed length control field | 180829b xxu||||| |||| 00| 0 eng d |
| 050 ## - LIBRARY OF CONGRESS CALL NUMBER | |
| Classification number | RA393 |
| Item number | .N714 1997 |
| 040 ## - CATALOGING SOURCE | |
| Description conventions | rda |
| Transcribing agency | 0 |
| Language of cataloging | eng |
| 245 ## - TITLE STATEMENT | |
| Title | 1997 guide to good health / |
| 264 ## - PRODUCTION, PUBLICATION, DISTRIBUTION, MANUFACTURE, AND COPYRIGHT NOTICE | |
| Place of production, publication, distribution, manufacture | Pennsylvania : |
| Name of producer, publisher, distributor, manufacturer | Independence Blue Cross, |
| Date of production, publication, distribution, manufacture, or copyright notice | c1997. |
| 300 ## - PHYSICAL DESCRIPTION | |
| Extent | 320 pages : |
| Other physical details | colour sustrations ; |
| Dimensions | 21 cm. |
| 336 ## - CONTENT TYPE | |
| Content type term | text |
| Content type code | txt |
| Source | rdacontent |
| 337 ## - MEDIA TYPE | |
| Media type term | unmediated |
| Media type code | n |
| Source | rdamedia |
| 338 ## - CARRIER TYPE | |
| Carrier type term | volume |
| Carrier type code | nc |
| Source | rdacarrier |
| 650 ## - SUBJECT ADDED ENTRY--TOPICAL TERM | |
| Topical term or geographic name entry element | Medical care. |
| 942 ## - ADDED ENTRY ELEMENTS (KOHA) | |
| Source of classification or shelving scheme | Library of Congress Classification |
| Koha item type | Foreign Books |
| Withdrawn status | Source of classification or shelving scheme | Damaged status | Not for loan | Collection code | Home library | Current library | Shelving location | Date acquired | Source of acquisition | Total Checkouts | Full call number | Barcode | Date last seen | Copy number | Price effective from | Koha item type |
|---|---|---|---|---|---|---|---|---|---|---|---|---|---|---|---|---|
| Library of Congress Classification | Non-fiction | Taytay College Library | Taytay College Library | New Materials Shelf | 08/29/2018 | Donation | RA393 .N714 1997 | URSTAY-953 | 06/04/2025 | 1 | 01/08/2019 | Foreign Books |